Radiation induced male sterility in Hevea brasiliensis (Willd. ex Adr. de Juss.) Muell. Arg. (Record no. 49183)

MARC details
000 -LEADER
fixed length control field 00487nam a2200169Ia 4500
100 ## - MAIN ENTRY--AUTHOR NAME
Personal name Saraswathyamma C.K.
245 #0 - TITLE STATEMENT
Title Radiation induced male sterility in Hevea brasiliensis (Willd. ex Adr. de Juss.) Muell. Arg.
260 ## - PUBLICATION, DISTRIBUTION, ETC. (IMPRINT)
Name of publisher Cytologia
Year of publication 1990
300 ## - PHYSICAL DESCRIPTION
Number of Pages 547-551
650 ## - SUBJECT ADDED ENTRY--TOPICAL TERM
Topical Term Induced sterility
650 ## - SUBJECT ADDED ENTRY--TOPICAL TERM
Topical Term Male sterility
700 ## - ADDED ENTRY--PERSONAL NAME
Personal name Namboodiri A.N.
700 ## - ADDED ENTRY--PERSONAL NAME
Personal name Panikkar A.O.N.
700 ## - ADDED ENTRY--PERSONAL NAME
Personal name Sethuraj M.R.
942 ## - ADDED ENTRY ELEMENTS (KOHA)
Koha item type Bibliography STAF
Holdings
Withdrawn status Lost status Damaged status Not for loan Home library Current library Shelving location Date acquired Serial Enumeration / chronology Koha item type
      Bibliography RRII Library RRII Library Botany 09/04/2014 Volume 55, Issue Bibliography STAF